Piłkarze Karpat Krosno - nagła śmierć - Statystyki

Ogólne statystyki
  • Ten quiz został rozwiązany 15 razy
  • Średni wynik to 8 z 20
Answers on the Grid
Answers color-coded by a green-red scale on the quiz's grid according to % correct below.
Andreja Prokić
Antoni Aszklar
Antoni Kozubal
Arkadiusz Orzeł
Damian Jedryas
Dawid Burka
Dawid Krol
Deiby Vélez
Dominik Kowalski
Fabrice Mezama
Gabriel Kobylak
Hubert Matynia
Jan Kozlowski
Kacper Chelmecki
Kacper Piechniak
Kacper Rop
Kamil Mazek
Kamil Radulj
Karol Knap
Karol Wojtylo
Kornel Kordas
Lukasz Zych
Marek Fundakowski
Mateusz Gul
Mateusz Mianowany
Mateusz Peda
Michal Stasz
Patryk Zielinski
Paweł Piątek
Pawel Zajac
Piotr Krzanowski
Przemyslaw Maj
Robert Drąg
Roman Botvynnyk
Sebastian Duda
Sylwester Sikorski
Sylwester Stanko
Tomasz Balul
Tomasz Plonka
Wojciech Reiman
 
Statystyki odpowiedzi
Odpowiedź % Poprawnych
Dawid Krol
75%
Marek Fundakowski
67%
Antoni Aszklar
58%
Damian Jedryas
58%
Gabriel Kobylak
58%
Karol Knap
58%
Michal Stasz
58%
Kamil Radulj
50%
Lukasz Zych
50%
Dawid Burka
42%
Sylwester Sikorski
42%
Arkadiusz Orzeł
33%
Dominik Kowalski
33%
Tomasz Plonka
25%
Mateusz Gul
17%
Roman Botvynnyk
17%
Sebastian Duda
17%
Tomasz Balul
17%
Robert Drąg
0%
Sylwester Stanko
0%
Nie znaleziono quizów pasujących do podanych kryteriów
Rozkład punktacji
Procent ludzi z każdym wynikiem
Percentyl według liczby udzielonych odpowiedzi
Twoja historia wyników
Nie rozwiązałeś tego quizu